000 00589cam a22002171 4500
001 sa 66001064
003 DLC
005 20260227112219.0
008 960920s196u pk 000 0 pusr
010 _asa 66001064
025 _aPL480:P-Pushto-131
035 _a(OCoLC)35599047
040 _aDLC
_cCLU
_dCLU
_dDLC
042 _apremarc
050 0 0 _aPK6820.J3
_bD22
100 0 _aJamshayd.
245 1 0 _aDa qiyāmat pīshīngūʼī.
_cAuthor: Jamshayd da Topạy.
260 _aPeṣhawar Ṣhahar,
_blslāmī Kutubʼkhānah
_c[196-?]
300 _a64 p.
_c18 cm.
500 _aPoems.
999 _c67571
_d67571